History Quiz

Random History or Clickable Quiz

Native American Tribes Quiz Stats

 Plays Quiz Updated Feb 20, 2016

Challenge
Share
Tweet
Embed
Score 0/20 Timer 07:00
2 Plays Today
% Correct
Cherokee
97.8%
Navajo
94.6%
Chippewa
91.1%
Lakota
91%
Comanche
88.7%
Shawnee
88.5%
Algonquin
87.6%
Seminole
87%
Hopi
85.2%
Dakota
84.8%
% Correct
Pawnee
79.1%
Shoshone
79%
Seneca
78.3%
Pequot
72.8%
Nez Perce
69.5%
Mojave
66.2%
Wichita
54.2%
Zuni
52.8%
Washoe
47.8%
Klickitat
36.9%

You're not logged in!

Compare scores with friends on all Sporcle quizzes.
Join for Free
OR
Log In

You Might Also Like...

Show Comments

Extras

Top Quizzes Today


Score Distribution

Your Account Isn't Verified!

In order to create a playlist on Sporcle, you need to verify the email address you used during registration. Go to your Sporcle Settings to finish the process.

Report this User

Report this user for behavior that violates our Community Guidelines.

Details: